00705nam a22001937a 450000500170000001000110001702000100002803500110003803700160004904000120006508200160007724502170009326000410031027000570035130000380040865000130044665000320045970000200049120170124110243.0 a712704 c00.00 a712704 bCen Lib/Ret aDPLbEN a954.01bMOH aMohenjo-daro and the idus civilization :cedited by John Marshall bbeing an official acoount of archaelogical excavations at Mohenjo-daro carried aout by the government of India between the years 1922 and 1927 / aDelhibIndological Book House c1973 bDelhia308/5, Shahzada Bagh, Old Rohak Road e110007 avarious pagings :c28cm(Hb)bill. aHistory  aMohen-jodaro civilizations  aMarshall, John